Widok standardowy
Widok MARC
Pozycja Personal Name
Liczba rekordów, w których użyto hasła: 1
001 - Numer kontrolny
- control field: 38850
003 - Identyfikator numeru kontrolnego
- control field: NUKAT
005 - Data i czas ostatniej modyfikacji
- control field: 20260324090143.0
008 - Dane kontrolne kodowane (40 znaków)
- fixed length control field: 061205n||a|znnaabn |a aaa |
010 ## - Numer kontrolny Biblioteki Kongresu
- numer kontrolny LC: n 2006108885
040 ## - Instytucja sporządzająca rekord
- inst. przygot. dane do rek. khw: WA N/PBmkr
- język haseł przedmiotowych/tezaurus: kaba
- inst. wprow. rek. khw: WA N/PBmkr
- inst. modyf. rek. khw: GD U/AEK
- inst. modyf. rek. khw: WR U/mt
- inst. modyf. rek. khw: WA U/MKK
100 1# - Hasło - nazwa osobowa
- nazwa osobowa w formie ujednoliconej: Barełkowski, Matthias
- daty biograficzne: (1967- ).
400 1# - Trop zob. - nazwa osobowa
- nazwa osobowa (nazwisko, imiona): Barelkowski, Matthias.
670 ## - Źródło informacji
- źródło informacji: Kp. Odkryć Niemcy. Cz. 1 / [red. Anna Cybulka, Matthias Barełkowski, Jowita Motyka-Gebhardt]. - Warszawa ; Potsdam, cop. 2004.
670 ## - Źródło informacji
- źródło informacji: DNB online
670 ## - Źródło informacji
- źródło informacji: Kp. Zwischen Geschlecht und Nation / herausggegeben von Matthias Barelkowski, Claudia Kraft und Isabel Röskau-Rydel. - Osnabrück, 2016.
670 ## - Źródło informacji
- źródło informacji: University of Haifa, 21.02.2017
- adres internetowy: http://weblaw.haifa.ac.il/en/Events/History2012/Pages/Matthiasbio.aspx